Joannis Clerici Ars critica : in qua ad studia linguarum Latinae, Graecae, & Hebraicae via munitur : veterumque emendandorum, & spuriorum scriptorum ʻa genuinis dignoscendorum ratio traditur.

Bibliographic Details
Main Author: Le Clerc, Jean, 1657-1736
Format: Microform Book
Language:Latin
Published: Londini : Apud Rob. Clavel ... Timoth. Childe & Andream Bell ..., M.DC.XCVIII [1689]
Edition:Editio altera priori emendatior.
Series:Early English books, 1641-1700 ; 1126:7.
Subjects:

MARC

Tag First Indicator Second Indicator Subfields
LEADER 00000cam a2200000 a 4500
001 in00000965415
005 20150927073639.0
007 hd afv|||baca
007 hd bfv|||baaa
008 880715r19801698miu ab 00010 lat d
035 |a (OCoLC)18216498 
035 |9 AEV3408AM 
037 |a CL0037000037  |b University Microfilms International 
037 |b University Microfilms International, 300 N. Zeeb Rd., Ann Arbor, MI 48106 
040 |a EAI  |c EAI  |d UtOrBLW 
049 |a TXAI 
090 |a P47  |b .L37 1698 
099 |a film   |a  B   |a  3609 
100 1 |a Le Clerc, Jean,  |d 1657-1736. 
245 1 0 |a Joannis Clerici Ars critica :  |b in qua ad studia linguarum Latinae, Graecae, & Hebraicae via munitur : veterumque emendandorum, & spuriorum scriptorum ʻa genuinis dignoscendorum ratio traditur. 
250 |a Editio altera priori emendatior. 
264 1 |a Londini :  |b Apud Rob. Clavel ... Timoth. Childe & Andream Bell ...,  |c M.DC.XCVIII [1689] 
300 |a 8 unnumbered pages, 225 pages, 3 unnumbered pages, 478, that is, 248 pages, 2 unnumbered pages 
336 |a text  |b txt  |2 rdacontent 
337 |a microform  |b h  |2 rdamedia 
338 |a microfilm reel  |b hd  |2 rdacarrier 
500 |a Attributed to Le Clerc by Wing and NUC pre-1956 imprints. 
500 |a A related work, intended in part as volume 3 of the above, was published in 1700 with title: Joannis Clerici Epistolae criticae et ecclesiasticae. 
500 |a In 2 pts. Second pt. has special title page: Joannis Clerici Ars critica ... Volumen secundum. Londini : Apud Robertum Clavell, Timoth. Childe, & Andr. Bell, MDCXCVIII [1698]. 
504 |a Includes bibliographical references. 
500 |a Reproduction of original in the Bodleian Library. 
510 4 |a Wing  |c L812 
533 |a Microfilm.  |b Ann Arbor, Mich. :  |c University Microfilms International,  |d 1980.  |e 1 microfilm reel ; 35 mm.  |f (Early English books, 1641-1700 ; 1126:7) 
500 |a Microform. 
650 0 |a Criticism, Textual. 
700 1 2 |a Le Clerc, Jean,  |d 1657-1736.  |t Joannis Clerici Ars critica.  |n Volumen secundum. 
730 0 2 |a Ars critica.  |n Volumen secundum. 
740 0 |a Ars critica. 
830 0 |a Early English books, 1641-1700 ;  |v 1126:7. 
999 |a MARS 
999 f f |s 609d8541-97b1-3d55-9a4b-68191d78c71a  |i 22b0f61f-9818-34ba-ac8b-cf779bad4f59  |t 0 
952 f f |p default  |a Texas A&M University  |b College Station  |c Sterling C. Evans Library  |d Evans: Microforms (3rd floor)  |t 0  |e film B 3609 1126:7  |h Other scheme  |i microform -- microfilm reel 
998 f f |a film B 3609 1126:7  |t 0  |l Evans: Microforms (3rd floor)